75 acteurs et actrices américains ou britanniques - Statistiques

Statistiques générales
  • Ce quiz a été pris 4 476 fois
  • Le résultat moyen est 31 sur 75
Statistiques - réponses
Par images Réponse % Correct
Leonardo DiCaprio
95%
Johnny Depp
91%
Emma Watson
87%
Tom Cruise
87%
Will Smith
86%
Brad Pitt
85%
Tom Holland
83%
Zendaya
83%
Tom Hanks
79%
Dwayne Johnson
78%
Scarlett Johansson
74%
Morgan Freeman
71%
Andrew Garfield
69%
Millie Bobby Brown
69%
Robert Downey Jr.
68%
Ryan Reynolds
67%
Daniel Radcliffe
66%
Emma Stone
66%
Jennifer Lawrence
66%
Matt Damon
65%
Zac Efron
65%
Natalie Portman
57%
Harrison Ford
56%
Gal Gadot
55%
Dylan O'Brien
54%
Penélope Cruz
54%
Hugh Jackman
53%
Rami Malek
52%
Kristen Stewart
50%
Robin Williams
49%
Benedict Cumberbatch
46%
Jake Gyllenhaal
46%
Elizabeth Olsen
45%
Arnold Schwarzenegger
44%
Eddie Murphy
43%
Chadwick Boseman
37%
Gwyneth Paltrow
37%
Jack Black
36%
Keira Knightley
36%
Brie Larson
35%
Emilia Clarke
35%
Sabrina Carpenter
34%
Gary Oldman
32%
Vanessa Hudgens
31%
Lily Collins
30%
Zoë Kravitz
30%
Alexandra Daddario
29%
Ewan McGregor
27%
Oscar Isaac
27%
Bonnie Wright
26%
David Harbour
26%
Amy Adams
22%
Ian McKellen
21%
Eddie Redmayne
20%
Lucy Hale
20%
Natalia Dyer
20%
Daisy Ridley
19%
Elle Fanning
19%
Martin Freeman
19%
Andy Serkis
17%
Joe Keery
16%
Luke Evans
14%
Evangeline Lilly
13%
Kaya Scodelario
13%
Michelle Williams
12%
Jennifer Connelly
10%
Liv Tyler
10%
Logan Lerman
10%
Alba Flores
8%
Naomi Scott
8%
Kiernan Shipka
6%
Katherine Waterston
3%
Alison Sudol
1%
Allison Williams
1%
Odeya Rush
1%
Aucun quiz correspondant
Distribution des résultats
% des personnes avec chaque résultat
Percentile par nombre de réponses
Votre historique - résultats
Vous n’avez pas pris ce quiz